02580cam a2200409 i 450000100090000000300050000900500170001400800410003101000170007202000220008902000420011104000280015304200080018104300210018905000210021008200190023108400340025010000390028424500900032326400610041330000280047433600260050233700280052833800270055650509500058365000880153365000730162165100410169465100350173565100350177065100330180565100400183865100400187865100500191865100500196877601520201818991484NUST20221214144509.0160226s2016 dcu b 001 0 eng  a 2015046468 a978-93-5264-019-5 a9780815728337 (alk. paper : hardback) aDLCbengcDLCerdadDLC apcc aas-----an-us---00aDS341b.C59 201600a307.72,COH223 aPOL012000aPOL0010002bisacsh1 aCohen, Stephen P.,d1936-eauthor.14aThe South Asia papers :ba critical anthology of writings /cby Stephen Philip Cohen. 1aWashington, D.C. :bBrookings Institution Press,c[2016] axii, 384 pages ;c24 cm atextbtxt2rdacontent aunmediatedbn2rdamedia avolumebnc2rdacarrier0 aApproaching India's Military and Security Policy, with a Detour through Disaster Studies (Page-1), Rulers and Priests : A Study of Cultural Control (Page-25), Issue, Role, and Personality : The Kitchener-Curzon Dispute (Page-46), Subhas Chandra Bose and the Indian National Army (Page-65), The Untouchable Soldier : Caste, Politics, and the Indian Army (Page-85), The Military -- Toward a Great State in Asia? (Page-129), The State Is Dead : Long Live the Armed Ethnic Group (Page-151), Solving Proliferation Problems in a Regional Context : South Asia (Page-160), State Building in Pakistan (Page-188), The Jihadist Threat to Pakistan (Page-220), India and Pakistan (Page-240), Kashmir : The Roads Ahead (Page-254), The Reagan Administration and India : Right for the Right Reasons? (Page-270), The Critical Dimensions of a Possible U.S. Strategic Partnership with India (Page-282),How a Botched U.S. Alliance Fed Pakistan's Crisis (Page-292). 7aPOLITICAL SCIENCE / Political Freedom & Security / International Security.2bisacsh 7aPOLITICAL SCIENCE / International Relations / Arms Control.2bisacsh 0aSouth AsiaxPolitics and government. 0aSouth AsiaxForeign relations. 0aSouth AsiaxStrategic aspects. 0aSouth AsiaxMilitary policy. 0aIndiaxForeign relationszPakistan. 0aPakistanxForeign relationszIndia. 0aSouth AsiaxForeign relationszUnited States. 0aUnited StatesxForeign relationszSouth Asia.08iOnline version:aCohen, Stephen P., 1936-tSouth Asia papersdWashington, D.C. : Brookings Institution Press, 2016z9780815728344w(DLC) 2016010164